| 000 | 00557nam a22001697a 4500 | ||
|---|---|---|---|
| 005 | 20260309094131.0 | ||
| 008 | 260309b |||||||| |||| 00| 0 eng d | ||
| 020 | _a978-178583328-1 | ||
| 100 | _aHALLIGAN, ELAINE | ||
| 245 |
_aMY CHILD IS DIFFERENT _bTHE LESSONS LEARNED FROM ONE FAMILY'S STRUGGLE TO UNLOCK THEIR SON'S POTENTIAL |
||
| 260 |
_aWALES _bCROWN HOUSE PUBLISHING _c2018 |
||
| 300 | _aXI, 176P. | ||
| 500 | _aINCLUDES INDEX | ||
| 650 | _a1. PARENTING 2. CHILDREN WITH DISABILITIES - EDUCATION | ||
| 700 | _aHOOD, MELISSA | ||
| 942 |
_2lcc _cBK |
||
| 999 |
_c216808 _d216808 |
||